One Piece : Personnages - Statistiques

Statistiques générales
  • Ce quiz a été pris 519 fois
  • Le résultat moyen est 59 sur 104
Statistiques - réponses
Indice Réponse % Correct
Monkey D. Luffy
99%
Nami
99%
Nico Robin
99%
Roronoa Zoro
99%
Vinsmoke Sanji
98%
Équipage du Chapeau de Paille Tony Tony Chopper
98%
Brook
97%
Cuty Flam / Franky
97%
Jinbe
96%
Usopp
96%
Trafalgar D. Water Law
95%
L'Équipage de Hawkins Basil Hawkins
92%
Eustass Kidd
92%
L'Équipage de Bonney Jewelry Bonney
92%
Marshall D. Teach
91%
L’Équipage de Drake X Drake
91%
Edward Newgate
88%
Portgas D. Ace
88%
Marco
87%
Shanks
87%
Kaido
86%
Charlotte Linlin
85%
L'Équipage de Kidd Killer
85%
Bepo
84%
Boa Hancock
83%
Charlotte Katakuri
81%
Don Quijote Doflamingo
81%
Crocodile
80%
Dracule Mihawk
80%
Sept Grands Corsaires Gecko Moria
80%
King
80%
Queen
80%
L'Équipage des Moines Dépravés Urouge
79%
Capone Bege
77%
Bartholomew Kuma
76%
Ben Beckman
76%
Yasopp
76%
Baggy
75%
L’Équipage du On-Air Scratchmen Apoo
75%
Jack
74%
Yamato
71%
Charlotte Smoothie
70%
Jesus Burgess
70%
Joz
70%
Charlotte Cracker
68%
Vista
68%
Lucky Roo
66%
Charlotte Pudding
65%
Shiliew
65%
Charlotte Perospero
64%
Ulti
64%
Black Maria
62%
Page One
62%
Charlotte Oven
60%
L’Équipage aux Cent Bêtes Who's-Who
59%
Catarina Devon
56%
Doc Q
56%
Izo
56%
Laffitte
55%
Edward Weeble
52%
Van Augur
51%
Charlotte Daifuku
49%
Sasaki
49%
Charlotte Mont d'Or
47%
Rockstar
47%
Penguin
45%
Sanjuan Wolf
43%
L’Équipage du Heart Jean Bart
42%
L'Équipage de Barbe Noire Avalo Pizarro
40%
Vasco Shot
39%
Charlotte Opera
38%
Charlotte Amande
35%
Heat
35%
Kozuki Oden
35%
Charlotte Snack
34%
Pekoms
34%
L’Équipage de Big Mom Delœuf
32%
Thatch
32%
L'Équipage du Fire Tank Vito
30%
L'Équipage de Barbe Blanche Namur
28%
Shachi
25%
Charlotte Flampe
24%
Charlotte Galette
24%
Blamenco
22%
Wire
21%
Curiel
20%
Gotti
17%
Haruta
17%
Streusen
16%
Atmos
15%
Blenheim
15%
Bobbin
14%
Rakuyo
14%
Fossa
14%
L'Équipage du Roux Limejuice
14%
Charlotte Praline
13%
Kingdew
13%
Charlotte Moscato
12%
Monster
11%
Speed Jill
10%
Howling Gab
8%
Bonk Panchi
7%
Building Snake
7%
Hongo
7%
Aucun quiz correspondant
Distribution des résultats
% des personnes avec chaque résultat
Percentile par nombre de réponses
Votre historique - résultats
Vous n’avez pas pris ce quiz